Rightmove house price index (Record no. 107404)
[ view plain ]
| 000 -LEADER | |
|---|---|
| fixed length control field | 01315cad a22002295a 4500 |
| 001 - CONTROL NUMBER | |
| control field | L136710 |
| 008 - FIXED-LENGTH DATA ELEMENTS--GENERAL INFORMATION | |
| fixed length control field | 070830e20070416xxkd f s 000 0 eng u |
| 035 ## - SYSTEM CONTROL NUMBER | |
| System control number | (Sirsi) u140026 |
| 041 0# - LANGUAGE CODE | |
| Language code of text/sound track or separate title | eng |
| 050 ## - LIBRARY OF CONGRESS CALL NUMBER | |
| Classification number | 333.33 $2 18 |
| 110 2# - MAIN ENTRY--CORPORATE NAME | |
| Corporate name or jurisdiction name as entry element | Rightmove |
| 245 00 - TITLE STATEMENT | |
| Title | Rightmove house price index |
| Remainder of title | April 2007 |
| Medium | [electronic resource] |
| 260 ## - PUBLICATION, DISTRIBUTION, ETC. | |
| Place of publication, distribution, etc. | London |
| Name of publisher, distributor, etc. | Rightmove |
| Date of publication, distribution, etc. | 2007 |
| 490 00 - SERIES STATEMENT | |
| Series statement | Rightmove House Price Index |
| Volume/sequential designation | April 2007 |
| 520 ## - SUMMARY, ETC. | |
| Summary, etc. | Shows that average property asking prices have risen by 3.6%, the biggest monthly rise in five years. The annual rate of increase has been pushed to 15% by some conditions, which are seen as unique. The traditional Easter bounce has been compounded by low supply and high demand, together with ready availability of mortgage finance. Additionally, many sellers are issuing early instruction to avoid the costs associated with anticipated Home Information Packs. These effects are presenting the Bank of England with a confusing picture of the market. |
| 590 ## - LOCAL NOTE (RLIN) | |
| Local note | KA |
| 650 24 - SUBJECT ADDED ENTRY--TOPICAL TERM | |
| Topical term or geographic name entry element | RIGHTMOVE HOUSE PRICE INDEX |
| 651 #4 - SUBJECT ADDED ENTRY--GEOGRAPHIC NAME | |
| Geographic name | United Kingdom |
| Chronological subdivision | |
| 690 ## - LOCAL SUBJECT ADDED ENTRY--TOPICAL TERM (OCLC, RLIN) | |
| Topical term or geographic name as entry element | PROPERTY-RESIDENTIAL PROPERTY-RESIDENTIAL PROPERTY MARKET |
| 856 40 - ELECTRONIC LOCATION AND ACCESS | |
| Uniform Resource Identifier | <a href="https://www.rightmove.co.uk/template/publicsite%2Caboutus%2CRTPRArchive.vm">https://www.rightmove.co.uk/template/publicsite%2Caboutus%2CRTPRArchive.vm</a> |
| Public note | View the index free of charge at www.rightmove.co.uk... |
| 942 ## - ADDED ENTRY ELEMENTS (KOHA) | |
| Suppress in OPAC | 0 |
| Withdrawn status | Lost status | Source of classification or shelving scheme | Damaged status | Not for loan | Home library | Current library | Shelving location | Date acquired | Total Checkouts | Full call number | Barcode | Date last seen | Copy number | Price effective from | Koha item type |
|---|---|---|---|---|---|---|---|---|---|---|---|---|---|---|---|
| Dewey Decimal Classification | Virtual | Virtual | Online | 30/08/2007 | ONLINE PUBLICATION | 140026-2001 | 06/08/2019 | 1 | 06/08/2019 | Book |